How to listen to great music (Record no. 15826)

MARC details
000 -LEADER
fixed length control field 00509nam a22001577a 4500
008 - FIXED-LENGTH DATA ELEMENTS--GENERAL INFORMATION
fixed length control field 160317b xxu||||| |||| 00| 0 eng d
020 ## - INTERNATIONAL STANDARD BOOK NUMBER
International Standard Book Number 0452297081
040 ## - CATALOGING SOURCE
Original cataloging agency KABU
Transcribing agency KABU
050 ## - LIBRARY OF CONGRESS CALL NUMBER
Classification number MT6
Item number .G74 2011
100 ## - MAIN ENTRY--PERSONAL NAME
Personal name Greenberg, Robert
245 ## - TITLE STATEMENT
Title How to listen to great music
Remainder of title a giude to its history culture and heart
Statement of responsibility, etc. by Robert Greenberg
260 ## - PUBLICATION, DISTRIBUTION, ETC. (IMPRINT)
Place of publication, distribution, etc. U.S.A
Name of publisher, distributor, etc. penguin group
Date of publication, distribution, etc. 2011
300 ## - PHYSICAL DESCRIPTION
Extent ix, 334p.
650 ## - SUBJECT ADDED ENTRY--TOPICAL TERM
Topical term or geographic name as entry element music appreciation
942 ## - ADDED ENTRY ELEMENTS (KOHA)
Source of classification or shelving scheme Library of Congress Classification
Koha item type General Collection
Classification part MT6 .G74 2011 C.1
Holdings
Withdrawn status Lost status Source of classification or shelving scheme Not for loan Home library Current library Shelving location Date acquired Cost, normal purchase price Total Checkouts Full call number Barcode Date last seen Date last checked out Copy number Price effective from Koha item type
    Library of Congress Classification   Kabarak, Main Campus Kabarak, Main Campus General Stacks 17/03/2016 1737.00 3 MT6 .G74 2011 C.1 026451 14/11/2022 01/11/2022 C.1 17/03/2016 General Collection
Designed with assistance from East African Informatics Ltd